| 000 | 00573nam a2200241Ia 4500 | ||
|---|---|---|---|
| 003 | IT-RoPAU | ||
| 005 | 20220918175716.0 | ||
| 008 | 120407s9999 xx 000 0 und d | ||
| 040 | _aIT-RoPAU | ||
| 040 | _cIT-RoPAU | ||
| 041 | _aita | ||
| 100 |
_aGiulio Antonietti _935441 |
||
| 100 |
_csac. _924962 |
||
| 245 | _aLe cause di separazione dei coniugi in Italia. Studio giuridico concordatario. | ||
| 250 | _aLodi | ||
| 260 | _aTip. G. Biancardi | ||
| 260 | _c1939 | ||
| 300 | _a154 p. | ||
| 300 | _c25 cm | ||
| 490 | _v1 | ||
| 942 |
_cBK _2ddc |
||
| 999 |
_c26189 _d26189 |
||